<?xml version="1.0" encoding="UTF-8"?><?xml-stylesheet type="text/xsl" href="static/style.xsl"?><OAI-PMH xmlns="http://www.openarchives.org/OAI/2.0/" xmlns:xsi="http://www.w3.org/2001/XMLSchema-instance" xsi:schemaLocation="http://www.openarchives.org/OAI/2.0/ http://www.openarchives.org/OAI/2.0/OAI-PMH.xsd"><responseDate>2026-04-13T14:21:31Z</responseDate><request verb="GetRecord" identifier="oai:www.recercat.cat:2117/442248" metadataPrefix="marc">https://recercat.cat/oai/request</request><GetRecord><record><header><identifier>oai:recercat.cat:2117/442248</identifier><datestamp>2026-03-12T02:53:56Z</datestamp><setSpec>com_2072_1033</setSpec><setSpec>col_2072_452950</setSpec></header><metadata><record xmlns="http://www.loc.gov/MARC21/slim" xmlns:dcterms="http://purl.org/dc/terms/" xmlns:xsi="http://www.w3.org/2001/XMLSchema-instance" xmlns:doc="http://www.lyncode.com/xoai" xsi:schemaLocation="http://www.loc.gov/MARC21/slim http://www.loc.gov/standards/marcxml/schema/MARC21slim.xsd">
   <leader>00925njm 22002777a 4500</leader>
   <datafield ind2=" " ind1=" " tag="042">
      <subfield code="a">dc</subfield>
   </datafield>
   <datafield ind2=" " ind1=" " tag="720">
      <subfield code="a">Pérez Maña, Luis</subfield>
      <subfield code="e">author</subfield>
   </datafield>
   <datafield ind2=" " ind1=" " tag="720">
      <subfield code="a">Alba Arbalat, Salut</subfield>
      <subfield code="e">author</subfield>
   </datafield>
   <datafield ind2=" " ind1=" " tag="720">
      <subfield code="a">Pardo Cladellas, Yolanda</subfield>
      <subfield code="e">author</subfield>
   </datafield>
   <datafield ind2=" " ind1=" " tag="720">
      <subfield code="a">Cardona Torradeflot, Genís</subfield>
      <subfield code="e">author</subfield>
   </datafield>
   <datafield ind2=" " ind1=" " tag="720">
      <subfield code="a">Gispets Parcerisas, Joan</subfield>
      <subfield code="e">author</subfield>
   </datafield>
   <datafield ind2=" " ind1=" " tag="720">
      <subfield code="a">Viñuela Navarro, Valldeflors</subfield>
      <subfield code="e">author</subfield>
   </datafield>
   <datafield ind2=" " ind1=" " tag="720">
      <subfield code="a">R Ehrlich, Joshua</subfield>
      <subfield code="e">author</subfield>
   </datafield>
   <datafield ind2=" " ind1=" " tag="260">
      <subfield code="c">2025-09-17</subfield>
   </datafield>
   <datafield ind2=" " ind1=" " tag="520">
      <subfield code="a">Clinical relevance: Validated assessment questionnaires tailored for patients with per-ipheral field loss are essential, as these conditions significantly impact daily activities andoverall quality of life. Such questionnaires enhance patient care and empower healthcareproviders to deliver effective interventions.Background: The LV-SCOPE questionnaire is the only validated instrument with ade-quate psychometric properties, specifically designed to assess difficulties that individualswith low vision and severe peripheral field loss encounter in daily living, orientation, andmobility. This study aimed to translate into Spanish and culturally adapt English version‘Low Vision Severely Constricted Peripheral Eyesight (LV-SCOPE)’.Methods: The LV-SCOPE consists of 53 items and explores 6 dimensions: mobility, objectlocalisation, recognition, reading, social functioning and technology. Following therecommendations of the International Society for Pharmacoeconomics and OutcomesResearch (ISPOR) for translation and cultural adaptation, translation, back-translationand cognitive interviews with 6 visually impaired patients were conducted. An expertcommittee of two optometrists and a psychologist specialising in Patient ReportedOutcomes (PRO) participated. Conceptual equivalence between the original andadapted versions was assessed.Results: A total of 53 sentences were translated, of which 96.2% exhibited excellentequivalence and 3.8% moderate equivalence with the original. Cognitive interviewsindicated that the questionnaire was well-received, with 50% participants reportingdifficulty with only 4 items.Conclusion: The Spanish adaptation of the LV-SCOPE was easy to understand ina sample of patients with severe peripheral field loss. Further study is needed to assessthe psychometric properties of the Spanish version, including validity, reliability andresponsiveness to change.</subfield>
   </datafield>
   <datafield ind2=" " ind1=" " tag="520">
      <subfield code="a">This work was supported by the ‘la Caixa’ Foundation [file number 22S07345-001].</subfield>
   </datafield>
   <datafield ind2=" " ind1=" " tag="520">
      <subfield code="a">Peer Reviewed</subfield>
   </datafield>
   <datafield ind2=" " ind1=" " tag="520">
      <subfield code="a">Postprint (author's final draft)</subfield>
   </datafield>
   <datafield tag="653" ind2=" " ind1=" ">
      <subfield code="a">Àrees temàtiques de la UPC::Ciències de la visió::Optometria</subfield>
   </datafield>
   <datafield tag="653" ind2=" " ind1=" ">
      <subfield code="a">Low vision</subfield>
   </datafield>
   <datafield tag="653" ind2=" " ind1=" ">
      <subfield code="a">Patient reported out comes</subfield>
   </datafield>
   <datafield tag="653" ind2=" " ind1=" ">
      <subfield code="a">Peripheral field loss</subfield>
   </datafield>
   <datafield tag="653" ind2=" " ind1=" ">
      <subfield code="a">Translation and cultural adaptation</subfield>
   </datafield>
   <datafield tag="653" ind2=" " ind1=" ">
      <subfield code="a">vision-related functioning</subfield>
   </datafield>
   <datafield tag="653" ind2=" " ind1=" ">
      <subfield code="a">Visual impairment</subfield>
   </datafield>
   <datafield ind2="0" ind1="0" tag="245">
      <subfield code="a">Translation and cultural adaptation into Spanish of the questionnaire “Low Vision Severely Constricted Peripheral Eyesight (LV-SCOPE)”</subfield>
   </datafield>
</record></metadata></record></GetRecord></OAI-PMH>